000 00720nam a22002177a 4500
003 OSt
005 20230817135204.0
008 221006b |||||||| |||| 00| 0 eng d
020 _a9 771889 519006
040 _cBiblioteca Lado V
082 _a306.4
_bR696g
100 _9950
_aRodriguez, Natalia
_eeditor
245 _ag+c/
_bRevista de gestión y cultura/
260 _bCirculo de Bellas Artes
_c2011
_aMadrid
300 _c21x21cm
_a108p.
490 _v2011
_a14
_x1889 5190
650 _2Tesauro de Arte & Arquitectura
_aARTE
_9703
650 _2Tesauro de Arte & Arquitectura
_aCULTURA
650 _2Tesauro de Arte & Arquitectura
_aPUBLICACIONES SERIADAS
942 _2ddc
_c1
_h306.4
_iR696g
_n0
999 _c4166
_d4166